000 005740000a22001690004500
090 _aAR
_b00594
245 1 0 _aGross and microscopic anatomy of the Kidney of the west Indian manatee, Trichechus manatus (<Mammalia: sirenia>)
650 1 4 _aMamíferos acuáticos
_993274
650 1 4 _aFisiología animal
_99500
650 1 4 _aAnatomía animal
_993635
653 _gTrichechus
_eTrichechus manatus
_vmanatí
041 0 _aInglés
700 1 _aReynolds, John E.
_993280
100 1 _aHill, D. Ashley
_993679
942 _cARTICULO
773 1 _tActa Anatómica
_3219
_h135
_q53-86
_d1989
999 _c9686
_d9686